Statistiche per Riconosci il calciatore dalla foto - Quiz n°14

Clicka qui per fare il quiz!

Statistiche generali

  • Questo quiz è stato fatto 23 volte
  • Il punteggio medio è 6 su 10

Statistiche sulle risposte

Risposta% Corretto
Giorgio Chiellini
94%
Stanislav Lobotka
83%
Davide Frattesi
67%
Emanuele Giaccherini
67%
Andrea Consigli
61%
Ismael Bennacer
61%
Jamal Musiala
61%
Gerard Deulofeu
56%
Andrej Aršavin
33%
Federico Bonazzoli
17%

Distribuzione punteggi

Percentile per numero di risposta

Percentuale di utenti per punteggio

I tuoi punteggi nel tempo

Non hai fatto questo quiz